| 000 | 00541nam a22001817a 4500 | ||
|---|---|---|---|
| 003 | CEME | ||
| 005 | 20210628203343.0 | ||
| 008 | 210127b xxu||||| |||| 00| 0 eng d | ||
| 020 | _a1-86162-308-4 | ||
| 040 | _c. | ||
| 082 | _a658.46 HAN | ||
| 100 |
_aZeleny, Milan _964917 |
||
| 245 | _aThe handbook of information technology in business | ||
| 260 |
_aCANADA _bTHOMAS LEARNING _c2000 |
||
| 300 | _aXVII,870P | ||
| 650 |
_aTHE HANDBOOK OF INFORMATION TECHNOLOGY IN BUSINESS.INFORMATION TECHNOLOGY IN BUSINESS _964918 |
||
| 942 |
_cBK _2ddc |
||
| 999 |
_c573274 _d573274 |
||